000 00252aas a2200097 4500
008 240110b |||||||| |||| 00| 0 eng d
022 _a1391-393X
245 _aஇஸ்லாமிய சிந்தனை= Islamic thought
260 _c1999
942 _cCR
999 _c4613
_d4613